| 000 | 00714pam a2200229 a 4500 | ||
|---|---|---|---|
| 001 | 2806813 | ||
| 005 | 20180208034707.0 | ||
| 008 | 830107s1983 enka b 001 0 eng | ||
| 010 | _a 82025967 | ||
| 020 |
_a008029961X : _c$22.00 (est.) |
||
| 020 |
_a0080299601 (pbk.) : _c$10.95 (est.) |
||
| 040 |
_aDLC _cDLC _dDLC |
||
| 041 | _aeng | ||
| 080 | _a658.403 EDE | ||
| 082 | 0 | 0 |
_a658.403 EDE _219 |
| 100 | 1 | _a54 | |
| 101 | _aMEN | ||
| 245 | 1 | 0 |
_aMessing about in problems : _cby Colin Eden, Sue Jones, and David Sims. |
| 504 | _aBibliography: p. 111-112. | ||
| 906 |
_a7 _bcbc _corignew _d1 _eocip _f19 _gy-gencatlg |
||
| 942 |
_2ddc _cBK |
||
| 999 |
_c42083 _d42083 |
||